[Event "25th ECC"]
[Site "Ohrid MKD"]
[Date "2009.10.04"]
[Round "1"]
[White "Nyback, T."]
[Black "Ivanov, MM."]
[Result "1/2-1/2"]
[WhiteElo "2615"]
[BlackElo "2459"]
[PlyCount "27"]
[EventDate "2009.10.04"]

1. d4 d5 2. c4 dxc4 3. Nf3 a6 4. e3 b5 5. a4 Bb7 6. b3 e6 7. axb5 axb5 8. Rxa8
Bxa8 9. bxc4 bxc4 10. Ne5 Nd7 11. Qa4 Ngf6 12. Nd2 Bd6 13. Bxc4 O-O 14. Nef3
1/2-1/2

[Event "25th ECC"]
[Site "Ohrid MKD"]
[Date "2009.10.05"]
[Round "2"]
[White "Koskinen, Hen"]
[Black "Thorfinnsson, Br"]
[Result "1-0"]
[WhiteElo "2297"]
[BlackElo "2360"]
[PlyCount "99"]
[EventDate "2009.10.04"]

1. Nf3 c5 2. g3 g6 3. Bg2 Bg7 4. c4 Nc6 5. O-O d6 6. Nc3 Nf6 7. Rb1 Bd7 8. a3
a5 9. b3 O-O 10. Bb2 e5 11. Nb5 Bf5 12. d3 Qd7 13. e3 Rad8 14. Nh4 Bg4 15. f3
Be6 16. f4 Bg4 17. Bf3 Bh3 18. Bg2 Bxg2 19. Nxg2 Qh3 20. Qe2 Ng4 21. Ne1 Rfe8
22. Nc7 Re7 23. Nd5 Re6 24. e4 f5 25. Nf3 h6 26. Nh4 fxe4 27. dxe4 Nd4 28. Bxd4
exd4 29. Qg2 Qxg2+ 30. Kxg2 Ne3+ 31. Nxe3 dxe3 32. Kf3 Rde8 33. e5 g5 34. Nf5
dxe5 35. fxg5 hxg5 36. Ke4 Rd8 37. Rbd1 Rxd1 38. Rxd1 e2 39. Re1 Rb6 40. Rxe2
Rxb3 41. Rd2 Bf6 42. Rd7 Kf8 43. Nd6 Bd8 44. Rf7+ Kg8 45. Rxb7 Rxb7 46. Nxb7
Bc7 47. a4 Kf7 48. Kf5 Ke7 49. Nxc5 Bb6 50. Ne4 1-0

[Event "25th ECC"]
[Site "Ohrid MKD"]
[Date "2009.10.08"]
[Round "5"]
[White "Vihinen, T."]
[Black "Meyer, Hen"]
[Result "1/2-1/2"]
[WhiteElo "2150"]
[BlackElo "1921"]
[PlyCount "81"]
[EventDate "2009.10.04"]

1. e4 d6 2. d4 Nf6 3. Nc3 g6 4. Be3 c6 5. a4 Qa5 6. f3 Bg7 7. Nge2 Na6 8. Nc1
Be6 9. Ra3 O-O 10. Be2 Ne8 11. O-O f5 12. Nd3 fxe4 13. Nxe4 Nf6 14. Ng5 Bd7 15.
c3 Rab8 16. Qb3+ Nd5 17. Bd2 Qb6 18. a5 Qxb3 19. Rxb3 b5 20. axb6 axb6 21. Ra1
Nac7 22. Ra7 Ra8 23. Rba3 Rxa7 24. Rxa7 Ra8 25. Rxa8+ Nxa8 26. Nf4 Nxf4 27.
Bxf4 Nc7 28. Ne4 b5 29. Be3 Nd5 30. Bf2 Nf6 31. Nxf6+ Bxf6 32. Kf1 Kf7 33. Ke1
e5 34. Kd2 exd4 35. Bxd4 Bxd4 36. cxd4 c5 37. dxc5 dxc5 38. Ke3 Kf6 39. h4 h6
40. g3 g5 41. hxg5+ 1/2-1/2